000 00431nam a2200169 4500
001 120967
003 ES-MaACL
005 20230906191647.0
007 t|
008 070214s1965 sp r ||||1| spa d
100 1 _aPonce, Fernando.
_992938
245 1 0 _aAmada de la luz /
_cFernando Ponce.
250 _a1ยช. ed.
260 _aMadrid :
_bAlorca,
_c1965.
300 _a84 p. ;
_c21 cm.
852 _aES-MaACL
_jC-27842
_bR.56882
999 _c120967
_d120967